Şarap Üretiminde Lider 10 Ülke - Statistics

General Stats
  • This quiz has been taken 25 times
  • The average score is 7 of 10
Answer Stats
Ton Ülke % Correct
3.713.200 Fransa
100%
5.088.500 İtalya
100%
2.057.021 Amerika Birleşik Devletleri
88%
3.700.588 İspanya
83%
1.814.400 Çin
71%
718.547 Portekiz
71%
1.248.155 Arjantin
54%
1.482.000 Avustralya
46%
1.343.729 Şili
46%
1.133.300 Güney Afrika
38%
No matching quizzes found
Score Distribution
Percent of People with Each Score
Percentile by Number Answered
Your Score History
You have not taken this quiz